National Things In Brazil - Statistics

General Stats
  • This quiz has been taken 3 times
  • The average score is 2 of 15
Answer Stats
National Thing Answer % Correct
Colors (3) Green | Yellow | Blue
67%
Animal Jaguar
67%
Crayon Company Crayola
33%
Musical Instrument Berimbau
0%
Anthem Brazilian National Anthem
0%
Basketball Team Brazil Men's National Basketball Team
0%
Sport Capoeira
0%
Fruit Cupuaçu
0%
Food Feijoada Brasileira
0%
Holiday Independence Day
0%
Flower Ipê-amarelo
0%
Board Game LGPD: The Game
0%
Sweet Mousse De Maracujá
0%
Tree Pau Brasil
0%
Bird Rufous-Bellied Thrush
0%
No matching quizzes found
Score Distribution
Percent of People with Each Score
Percentile by Number Answered
Your Score History
You have not taken this quiz